|
|
|
|
| LEADER |
00000cam a2200000 7i4500 |
| 001 |
0000075895 |
| 005 |
20101118.0 |
| 008 |
101118 bm |
| 020 |
|
|
|a 9679386422
|
| 090 |
0 |
0 |
|a J 923 SIR
|
| 100 |
1 |
|
|a Hindon Hasyim
|
| 245 |
1 |
0 |
|a Thomas Alva Edison
|c Hindon Hasyim
|
| 260 |
|
|
|a Petaling Jaya :
|b Sama Publications ,
|c 1995
|
| 300 |
|
|
|a 30p. :
|b ill. ;
|c 21cm.
|
| 440 |
|
0 |
|a Tokoh-Tokoh Masyhur Dunia
|
| 650 |
0 |
0 |
|a Tokoh-Tokoh
|
| 999 |
|
|
|a 0000414937
|b Buku
|c Koleksi Pinjaman Kanak-Kanak
|e Perpustakaan Cawangan Jasin
|
| 999 |
|
|
|a 25322
|b Buku
|c Koleksi Pinjaman Kanak-Kanak
|e Perpustakaan Cawangan Masjid Tanah
|
| 999 |
|
|
|a 7715
|b Buku
|c Koleksi Pinjaman Kanak-Kanak
|e Perpustakaan Cawangan Merlimau
|